00557nam a2200181Ii 450000100060000000300090000600800410001504000330005604100080008908200160009710000270011324500350014026401070017530000120028233600260029433700280032033800270034815662CO-ViMGA241108s9999||||xx |||||||||||||| ||und|| aCO-ViMGAbspaerdacCO-ViMGA0 aspa04a540.07 I11p1 aJosé Ibarz Aznárez10aProblemas de química general 1a[Lugar de publicación no identificado] : Editorial Marín, [Fecha de publicación no identificada] avolumen atextbtxt2rdacontent aunmediatedbn2rdamedia avolumebnc2rdacarrier